Music Quiz

Random Music or Song Quiz

Green Day Lyrics Quiz Stats

 Plays Quiz not verified by Sporcle

Score 0/197 Timer 10:00
0 Plays Today
Lyrics Lyrics % Correct
the
97.2%
the
97.2%
the
97.2%
a
97.2%
a
97.2%
a
97.2%
the
97.2%
the
97.2%
a
97.2%
the
97.2%
the
97.2%
the
97.2%
and
97.2%
and
97.2%
a
97.2%
the
97.2%
the
97.2%
a
97.2%
the
97.2%
and
97.2%
and
97.2%
the
97.2%
and
97.2%
a
97.2%
I
95.4%
I
95.4%
I
95.4%
I
95.4%
I
95.4%
I
95.4%
I
95.4%
I
95.4%
I
95.4%
I
95.4%
I
95.4%
I
95.4%
I
95.4%
you
73.1%
you
73.1%
me
60.7%
me
60.7%
me
60.7%
me
60.7%
to
51.9%
To
51.9%
it
51.5%
it
51.5%
it
51.5%
it
51.5%
on
51.1%
of
50.1%
of
50.1%
of
50.1%
is
48.9%
in
47.1%
when
43.9%
when
43.9%
for
42.9%
I'm
42.7%
I'm
42.7%
I'm
42.7%
I'm
42.7%
what
40.7%
that
39.9%
that
39.9%
that
39.9%
Lyrics Lyrics % Correct
that
39.9%
that
39.9%
that
39.9%
know
37.1%
know
37.1%
its
35.9%
it's
35.9%
it's
35.9%
it's
35.9%
all
34.7%
all
34.7%
all
34.7%
where
34.7%
where
34.7%
all
34.7%
one
33.1%
one
33.1%
was
32.9%
was
32.9%
at
27.9%
Then
27.3%
Day
26.5%
with
25.7%
got
25.7%
way
25.5%
way
25.5%
I've
25.3%
I've
25.3%
I've
25.3%
now
24.6%
now
24.6%
Give
23.4%
Give
23.4%
Give
23.4%
night
22.8%
need
22.4%
need
22.4%
need
22.4%
dead
22%
living
21.4%
'cause
21.4%
'cause
21.4%
Macy's
21%
Parade
21%
something
20.8%
tell
20.8%
something
20.8%
never
20.8%
something
20.8%
never
20.8%
never
20.8%
oh
20.4%
call
20%
only
19.6%
free
19.4%
more
19.2%
hope
19.2%
hope
19.2%
hope
19.2%
hope
19.2%
hope
19%
report
18.8%
10
18.8%
what's
18.6%
dreams
18.6%
What's
18.6%
Lyrics Lyrics % Correct
dreams
18.6%
duty
18.4%
light
18.4%
things
18.4%
guarantee
18.2%
percent
18.2%
wanted
18.2%
wanted
18.2%
new
18.2%
new
18.2%
wanted
18.2%
Today's
18%
credit
18%
lifetime
18%
thought
18%
haven't
17.6%
learned
17.2%
kid
17%
took
17%
Because
17%
Because
17%
Because
17%
goes
16.8%
goes
16.8%
Red
16.6%
satisfaction
16.6%
Satisfaction
16.6%
about
16.6%
satisfaction
16.6%
about
16.6%
about
16.6%
about
16.6%
coffin
16.4%
hardest
16.4%
between
16.2%
known
16.2%
known
16.2%
known
16.2%
special
15.8%
guaranteed
15.4%
difference
15.4%
guaranteed
15.4%
brand
15.4%
guaranteed
15.4%
brand
15.4%
brand
15.4%
stuffed
15.2%
realized
15.2%
prize
15%
consolation
15%
prize
15%
road
15%
thieves
14.8%
crooks
14.8%
thinking
14.8%
thinking
14.8%
thinking
14.8%
thinking
14.8%
consolation
14.6%
mausoleum
14.2%
economy
13.4%
sized
13.4%
economy
13.4%
sized
13.4%
along
10.4%

You're not logged in!

Compare scores with friends on all Sporcle quizzes.
Join for Free
OR
Log In

You Might Also Like...

Show Comments

Extras

Created Feb 10, 2011ReportNominate
Tags:Song Quiz, green

Top Quizzes Today


Score Distribution

Your Account Isn't Verified!

In order to create a playlist on Sporcle, you need to verify the email address you used during registration. Go to your Sporcle Settings to finish the process.

Report this User

Report this user for behavior that violates our Community Guidelines.

Details: